| 000 | 01165nam a22002297a 4500 | ||
|---|---|---|---|
| 005 | 20231018153748.0 | ||
| 008 | 130821s1890 fr grdd spa | ||
| 040 |
_aCo-BoUCM _bspa _cSandra Yazo (modificó) _dSandra Yazo (modificó) |
||
| 041 | 0 | 0 | _aspa |
| 092 | _aFN 000056 10a. ed | ||
| 100 |
_aReal Academia Española de La Lengua _9149261 |
||
| 245 | 0 | 0 |
_aNuevo diccionario de la lengua castellana _bañadido con una veinte y seis mil voces, acepciones, frases, y locuciones, entre ellas muchas Americanas _cEditado por don Vicente Salv y Pérez |
| 250 | _a10a. ed | ||
| 260 |
_aParís (Francia) _bLibrería de Garnier Hermanos _c1890 |
||
| 300 | _axlii, 1467 páginas | ||
| 500 | _aContiene suplemento de m s de 300 páginas, que contiene las voces de ciencias y artes, etc., que no se hallan en el cuerpo de la obre. -- Incluye índice. -- Este libro se eencuentra en el depósito de la biblioteca | ||
| 650 | 0 | 4 |
_aDiccionarios _913223 |
| 650 | 0 | 4 |
_aEspañol _914900 |
| 650 | 0 | 4 |
_aEspañol _vDiccionarios y enciclopedias _97588 |
| 700 |
_aSalv y Pérez, Vicente., Editor _9149262 |
||
| 942 |
_cLIBRO _a27 _e1 _n0 _2LOCAL _hFN 000056 10a. ed |
||
| 999 |
_c85435 _d85435 |
||